[Event "I Liga Centralne Srbije"]
[Site "Bajina Bašta, Serbia"]
[Date "2020.10.14"]
[Round "7.6"]
[White "Dudin, Gleb"]
[Black "Delchev, Aleksander"]
[Result "1/2-1/2"]
[WhiteElo "2386"]
[BlackElo "2548"]
[Annotator "Knez"]
[PlyCount "95"]
[EventDate "2020.??.??"]
[TimeControl "90"]
[WhiteClock "0:11:58"]
[BlackClock "0:01:35"]

1. d4 {[%emt 0:00:00]} d6 {[%emt 0:00:00]} 2. c4 {[%emt 0:00:00]} e5 {[%emt 0:
00:00]} 3. Nf3 {[%emt 0:00:00]} e4 {[%emt 0:00:00]} 4. Ng5 {[%emt 0:00:00]} f5
{[%emt 0:00:00]} 5. Nc3 {[%emt 0:00:00]} c6 {[%emt 0:00:00]} 6. Nh3 {[%emt 0:
00:00]} Be7 {[%emt 0:00:00]} 7. f3 {[%emt 0:00:00]} Nf6 {[%emt 0:00:00]} 8. Bg5
{[%emt 0:00:00]} O-O {[%emt 0:00:00]} 9. e3 {[%emt 0:00:00]} exf3 {[%emt 0:00:
00]} 10. Qxf3 {[%emt 0:00:00]} Ng4 {[%emt 0:00:00]} 11. Bf4 {[%emt 0:00:00]}
Bh4+ {[%emt 0:00:00]} 12. Kd2 {[%emt 0:00:00]} Na6 {[%emt 0:00:00]} 13. Bd3 {
[%emt 0:00:00]} Nb4 {[%emt 0:00:00]} 14. Bb1 {[%emt 0:00:00]} Ne5 {[%emt 0:00:
00]} 15. Qe2 {[%emt 0:00:00]} Be6 {[%emt 0:00:00]} 16. b3 {[%emt 0:00:00]} Ng6
{[%emt 0:00:00]} 17. Bg3 {[%emt 0:00:00]} Bf6 {[%emt 0:00:00]} 18. a3 {[%emt 0:
00:00]} Na6 {[%emt 0:00:00]} 19. Bd3 {[%emt 0:00:00]} c5 {[%emt 0:00:00]} 20.
Kc2 {[%emt 0:00:00]} Nc7 {[%emt 0:00:00]} 21. d5 {[%emt 0:00:00]} Bc8 {[%emt 0:
00:00]} 22. Raf1 {[%emt 0:00:00]} Bxc3 {[%emt 0:00:00]} 23. Kxc3 {[%emt 0:00:
00]} b5 {[%emt 0:00:00]} 24. Qh5 {[%emt 0:00:00]} Qf6+ {[%emt 0:00:00]} 25. Kc2
{[%emt 0:00:00]} b4 {[%emt 0:00:00]} 26. axb4 {[%emt 0:00:00]} Na6 {[%emt 0:00:
00]} 27. Ng5 {[%emt 0:00:00]} Nxb4+ {[%emt 0:00:00]} 28. Kb1 {[%emt 0:00:00]}
h6 {[%emt 0:00:00]} 29. Ne4 {[%emt 0:00:00]} Qd8 {[%emt 0:00:00]} 30. Qxg6 {
[%emt 0:00:00]} Nxd3 {[%emt 0:00:00]} 31. Bxd6 {[%emt 0:00:00]} Qb6 {[%emt 0:
00:00]} 32. Kc2 {[%emt 0:00:00]} Rb8 {[%emt 0:00:00]} 33. Kxd3 {[%emt 0:00:40]}
Qxb3+ {[%emt 0:00:00]} 34. Nc3 {[%emt 0:00:09]} Ba6 {[%emt 0:00:00]} 35. Qe6+ {
[%emt 0:00:06]} Kh8 {[%emt 0:00:00]} 36. Rf4 {[%emt 0:00:00]} Rf6 {[%emt 0:00:
00]} 37. Rb1 {[%emt 0:00:00]} Qxb1+ {[%emt 0:00:00]} 38. Nxb1 {[%emt 0:00:00]}
Rxe6 {[%emt 0:00:00]} 39. dxe6 {[%emt 0:00:00]} Rd8 {[%emt 0:00:00]} 40. Rxf5 {
[%emt 0:00:02]} Rxd6+ {[%emt 0:00:00]} 41. Kc3 {[%emt 0:00:00]} Rxe6 {[%emt 0:
00:00]} 42. Rxc5 {[%emt 0:00:00]} Rxe3+ {[%emt 0:00:00]} 43. Kd2 {[%emt 0:00:
02]} Re4 {[%emt 0:00:00]} 44. Kd3 {[%emt 0:00:00]} Rh4 {[%emt 0:00:00]} 45. Rc7
{[%emt 0:00:00]} Rxh2 {[%emt 0:00:00]} 46. Rxa7 {[%emt 0:00:00]} Bxc4+ {
[%emt 0:00:00]} 47. Kxc4 {[%emt 0:00:00]} Rxg2 {[%emt 0:00:00]} 48. Nc3 {
[%emt 0:00:00]} 1/2-1/2

[Event "I Liga Centralne Srbije"]
[Site "Bajina Bašta, Serbia"]
[Date "2020.10.14"]
[Round "7.6"]
[White "Radovanovic, Mihajlo"]
[Black "Djordjevic, Vuk"]
[Result "1-0"]
[WhiteElo "2457"]
[BlackElo "2347"]
[Annotator "Knez"]
[PlyCount "69"]
[EventDate "2020.??.??"]
[TimeControl "90"]
[WhiteClock "0:02:10"]
[BlackClock "0:24:29"]

1. Nf3 {[%emt 0:00:00]} Nf6 {[%emt 0:00:00]} 2. c4 {[%emt 0:00:00]} e6 {
[%emt 0:00:00]} 3. Nc3 {[%emt 0:00:00]} Bb4 {[%emt 0:00:00]} 4. Qc2 {[%emt 0:
00:00]} d6 {[%emt 0:00:00]} 5. a3 {[%emt 0:00:00]} Bxc3 {[%emt 0:00:00]} 6.
Qxc3 {[%emt 0:00:00]} O-O {[%emt 0:00:00]} 7. e3 {[%emt 0:00:00]} b6 {[%emt 0:
00:00]} 8. Be2 {[%emt 0:00:00]} Bb7 {[%emt 0:00:00]} 9. O-O {[%emt 0:00:00]}
Nbd7 {[%emt 0:00:00]} 10. b4 {[%emt 0:00:00]} Ne4 {[%emt 0:00:00]} 11. Qc2 {
[%emt 0:00:00]} f5 {[%emt 0:00:00]} 12. d3 {[%emt 0:00:00]} Ng5 {[%emt 0:00:00]
} 13. Nxg5 {[%emt 0:00:00]} Qxg5 {[%emt 0:00:00]} 14. f3 {[%emt 0:00:00]} Qe7 {
[%emt 0:00:00]} 15. d4 {[%emt 0:00:00]} c5 {[%emt 0:00:00]} 16. Bb2 {[%emt 0:
00:00]} e5 {[%emt 0:00:00]} 17. d5 {[%emt 0:00:00]} f4 {[%emt 0:00:00]} 18.
exf4 {[%emt 0:00:00]} Rxf4 {[%emt 0:00:00]} 19. g3 {[%emt 0:00:00]} Rf7 {
[%emt 0:00:00]} 20. Bd3 {[%emt 0:00:00]} g6 {[%emt 0:00:00]} 21. Rae1 {[%emt 0:
00:00]} Qg5 {[%emt 0:00:00]} 22. Re4 {[%emt 0:00:00]} Raf8 {[%emt 0:00:00]} 23.
Bc1 {[%emt 0:00:00]} Qe7 {[%emt 0:00:00]} 24. Bh6 {[%emt 0:00:00]} Re8 {
[%emt 0:00:00]} 25. Rg4 {[%emt 0:00:00]} Nf8 {[%emt 0:00:00]} 26. h4 {[%emt 0:
00:00]} Kh8 {[%emt 0:00:00]} 27. h5 {[%emt 0:00:00]} gxh5 {[%emt 0:00:00]} 28.
Bg5 {[%emt 0:00:00]} Qc7 {[%emt 0:00:00]} 29. Rh4 {[%emt 0:00:00]} Nd7 {
[%emt 0:00:00]} 30. Rxh5 {[%emt 0:00:00]} Rg8 {[%emt 0:00:00]} 31. Kg2 {
[%emt 0:00:00]} Bc8 {[%emt 0:00:01]} 32. Bxh7 {[%emt 0:00:00]} Rxg5 {[%emt 0:
00:00]} 33. Rxg5 {[%emt 0:00:00]} Rxh7 {[%emt 0:00:00]} 34. Qxh7+ {[%emt 0:00:
00]} Kxh7 {[%emt 0:00:00]} 35. Rh1# {[%emt 0:00:12]} 1-0

[Event "I Liga Centralne Srbije"]
[Site "Bajina Bašta, Serbia"]
[Date "2020.10.14"]
[Round "7.6"]
[White "Radovic, Janko"]
[Black "Topalov, Aleksandar"]
[Result "1/2-1/2"]
[WhiteElo "2433"]
[BlackElo "2228"]
[Annotator "Knez"]
[PlyCount "27"]
[EventDate "2020.??.??"]
[TimeControl "90"]
[WhiteClock "1:00:47"]
[BlackClock "0:28:26"]

1. e4 {[%emt 0:00:00]} e6 {[%emt 0:00:00]} 2. d4 {[%emt 0:00:00]} d5 {[%emt 0:
00:00]} 3. Nc3 {[%emt 0:00:00]} h6 {[%emt 0:00:00]} 4. Bd3 {[%emt 0:00:00]} Nc6
{[%emt 0:00:00]} 5. Nf3 {[%emt 0:00:00]} Nb4 {[%emt 0:00:00]} 6. Be2 {[%emt 0:
00:00]} Nf6 {[%emt 0:00:00]} 7. e5 {[%emt 0:00:00]} Ne4 {[%emt 0:00:00]} 8. a3
{[%emt 0:00:00]} Nxc3 {[%emt 0:00:00]} 9. bxc3 {[%emt 0:00:00]} Nc6 {[%emt 0:
00:00]} 10. O-O {[%emt 0:00:00]} Na5 {[%emt 0:00:00]} 11. Be3 {[%emt 0:00:00]}
Bd7 {[%emt 0:00:00]} 12. Nd2 {[%emt 0:00:00]} c5 {[%emt 0:00:00]} 13. f4 {
[%emt 0:00:00]} Qc7 {[%emt 0:00:00]} 14. Bd3 {[%emt 0:00:00]} 1/2-1/2

[Event "I Liga Centralne Srbije"]
[Site "Bajina Bašta, Serbia"]
[Date "2020.10.14"]
[Round "7.6"]
[White "Dezelin, Milan"]
[Black "Radovic, Luka"]
[Result "0-1"]
[WhiteElo "1984"]
[BlackElo "2334"]
[Annotator "Knez"]
[PlyCount "58"]
[EventDate "2020.??.??"]
[TimeControl "90"]

1. d4 {[%emt 2:22:42]} d5 {[%emt 0:00:31]} 2. c4 {[%emt 0:00:15]} e6 {[%emt 0:
00:29]} 3. Nc3 {[%emt 0:00:08]} Nf6 {[%emt 0:00:42]} 4. Nf3 {[%emt 0:00:11]}
Be7 {[%emt 0:01:52]} 5. Bf4 {[%emt 0:00:25]} O-O {[%emt 0:01:17]} 6. e3 {
[%emt 0:05:34]} c5 {[%emt 0:00:40]} 7. dxc5 {[%emt 0:02:33]} Bxc5 {[%emt 0:00:
45]} 8. Qc2 {[%emt 0:06:42]} Nc6 {[%emt 0:00:26]} 9. a3 {[%emt 0:01:53]} Re8 {
[%emt 0:01:30]} 10. Rd1 {[%emt 0:23:13]} e5 {[%emt 0:00:49]} 11. Bg5 {[%emt 0:
13:25]} d4 {[%emt 0:00:33]} 12. Nd5 {[%emt 0:23:04]} Be7 {[%emt 0:04:28]} 13.
Nxe7+ {[%emt 0:02:08]} Qxe7 {[%emt 0:02:06]} 14. e4 {[%emt 0:01:55]} Bg4 {
[%emt 0:08:11]} 15. Be2 {[%emt 0:06:09]} h6 {[%emt 0:00:52]} 16. Bxf6 {[%emt 0:
02:33]} Qxf6 {[%emt 0:01:00]} 17. O-O {[%emt 0:00:05]} Rac8 {[%emt 0:03:49]}
18. b4 {[%emt 0:02:38]} Qe7 {[%emt 0:28:12]} 19. Qa4 {[%emt 0:01:17]} b6 {
[%emt 0:05:33]} 20. Rc1 {[%emt 0:02:06]} d3 {[%emt 0:04:09]} 21. Bd1 {[%emt 0:
01:20]} Red8 {[%emt 0:06:35]} 22. c5 {[%emt 0:02:17]} bxc5 {[%emt 0:04:33]} 23.
Rxc5 {[%emt 0:00:19]} Bxf3 {[%emt 0:00:49]} 24. Rxc6 {[%emt 0:01:05]} Bxe4 {
[%emt 0:00:55]} 25. Rxc8 {[%emt 0:00:26]} Rxc8 {[%emt 0:00:03]} 26. Re1 {
[%emt 0:00:28]} Qb7 {[%emt 0:04:04]} 27. Bg4 {[%emt 0:00:25]} f5 {[%emt 0:00:
53]} 28. Bh5 {[%emt 0:00:42]} d2 {[%emt 0:01:14]} 29. Rd1 {[%emt 0:00:17]} Bc2
{[%emt 0:00:24]} 0-1

[Event "I Liga Centralne Srbije"]
[Site "Bajina Bašta, Serbia"]
[Date "2020.10.14"]
[Round "7.6"]
[White "Zlatanovic, Boroljub"]
[Black "Dimitrijevic, Nenad"]
[Result "1/2-1/2"]
[WhiteElo "2372"]
[BlackElo "2142"]
[Annotator "Knez"]
[PlyCount "77"]
[EventDate "2020.??.??"]
[TimeControl "90"]

1. e4 {[%emt 0:33:31]} c5 {[%emt 0:00:31]} 2. c4 {[%emt 0:02:16]} Nc6 {[%emt 0:
00:07]} 3. Nc3 {[%emt 0:00:06]} g6 {[%emt 0:00:04]} 4. g3 {[%emt 0:00:45]} Bg7
{[%emt 0:00:10]} 5. Bg2 {[%emt 0:00:44]} e6 {[%emt 0:01:09]} 6. d3 {[%emt 0:00:
40]} Nge7 {[%emt 0:04:16]} 7. h4 {[%emt 0:01:12]} h5 {[%emt 0:03:23]} 8. Bg5 {
[%emt 0:01:03]} d6 {[%emt 0:01:31]} 9. Qd2 {[%emt 0:00:16]} a6 {[%emt 0:00:08]}
10. Nge2 {[%emt 0:02:22]} Rb8 {[%emt 0:01:21]} 11. O-O {[%emt 0:02:40]} b5 {
[%emt 0:01:03]} 12. Rac1 {[%emt 0:01:09]} Qd7 {[%emt 0:03:30]} 13. Rfe1 {
[%emt 0:05:53]} b4 {[%emt 0:05:45]} 14. Nd1 {[%emt 0:05:57]} Nd4 {[%emt 0:05:
03]} 15. Nxd4 {[%emt 0:06:34]} Bxd4 {[%emt 0:02:28]} 16. Be3 {[%emt 0:02:32]}
Nc6 {[%emt 0:08:53]} 17. Bxd4 {[%emt 0:06:22]} Nxd4 {[%emt 0:01:03]} 18. Ne3 {
[%emt 0:00:46]} Bb7 {[%emt 0:00:51]} 19. Nc2 {[%emt 0:02:22]} Nxc2 {[%emt 0:04:
38]} 20. Rxc2 {[%emt 0:00:25]} e5 {[%emt 0:02:55]} 21. f4 {[%emt 0:05:23]} Qe7
{[%emt 0:02:49]} 22. Rf1 {[%emt 0:07:23]} exf4 {[%emt 0:03:39]} 23. Qxf4 {
[%emt 0:01:06]} O-O {[%emt 0:09:45]} 24. Rcf2 {[%emt 0:03:10]} Kg7 {[%emt 0:06:
17]} 25. Qf6+ {[%emt 0:02:34]} Qxf6 {[%emt 0:00:09]} 26. Rxf6 {[%emt 0:00:02]}
Rbd8 {[%emt 0:00:49]} 27. Bh3 {[%emt 0:02:36]} a5 {[%emt 0:00:06]} 28. R1f4 {
[%emt 0:03:43]} Bc6 {[%emt 0:01:21]} 29. Kf2 {[%emt 0:03:06]} Ba4 {[%emt 0:00:
43]} 30. Ke3 {[%emt 0:03:03]} Bc2 {[%emt 0:01:14]} 31. Rf1 {[%emt 0:11:17]} Ba4
{[%emt 0:02:32]} 32. R1f2 {[%emt 0:02:57]} Bd7 {[%emt 0:04:44]} 33. Bxd7 {
[%emt 0:00:58]} Rxd7 {[%emt 0:00:04]} 34. d4 {[%emt 0:01:48]} Re8 {[%emt 0:02:
24]} 35. Kd3 {[%emt 0:01:49]} Re6 {[%emt 0:01:35]} 36. Rxe6 {[%emt 0:01:38]}
fxe6 {[%emt 0:00:05]} 37. Ke3 {[%emt 0:01:25]} e5 {[%emt 0:00:35]} 38. d5 {
[%emt 0:00:48]} a4 {[%emt 0:00:25]} 39. Ke2 {[%emt 0:00:30]} 1/2-1/2